The Self Storage Association UK Annual Survey 2014 (Record no. 115487)

MARC details
000 -LEADER
fixed length control field 01162cam a22002175a 4500
001 - CONTROL NUMBER
control field L158752
008 - FIXED-LENGTH DATA ELEMENTS--GENERAL INFORMATION
fixed length control field 15071 s2013 xxk f 000 0 eng d
035 ## - SYSTEM CONTROL NUMBER
System control number (Sirsi) u158752
041 0# - LANGUAGE CODE
Language code of text/sound track or separate title eng
100 1# - MAIN ENTRY--PERSONAL NAME
Personal name Duggan, Anthony
245 04 - TITLE STATEMENT
Title The Self Storage Association UK Annual Survey 2014
Medium [electronic resource]
250 ## - EDITION STATEMENT
Edition statement [S.l]
Remainder of edition statement Self Storage Associaiton
-- 2014
260 ## - PUBLICATION, DISTRIBUTION, ETC.
Place of publication, distribution, etc. [S.l.]
Name of publisher, distributor, etc. Deloitte
Date of publication, distribution, etc. 2014
520 ## - SUMMARY, ETC.
Summary, etc. Outlines the results of the eighth annual survey carried out by the Self Storage Association UK among its members, and the fourth report based on the responses to a questionnaire distributed by the Self Storage Association and produced by Deloitte Real Estate. Notes that private customers are returning to self-storage, driven by a recovering housing market across the country, and an increasing number of operators are planning to expand.
590 ## - LOCAL NOTE (RLIN)
Local note KA
651 #4 - SUBJECT ADDED ENTRY--GEOGRAPHIC NAME
Geographic name United Kingdom
Chronological subdivision
690 ## - LOCAL SUBJECT ADDED ENTRY--TOPICAL TERM (OCLC, RLIN)
Topical term or geographic name as entry element Commercial property
9 (RLIN) 6227
700 1# - ADDED ENTRY--PERSONAL NAME
Personal name Griggs, James
856 40 - ELECTRONIC LOCATION AND ACCESS
Uniform Resource Identifier <a href="https://www2.deloitte.com/uk/en/pages/real-estate/articles/self-storage.html">https://www2.deloitte.com/uk/en/pages/real-estate/articles/self-storage.html</a>
Public note View the report after free registration at www.deloitterealestate.co.uk
942 ## - ADDED ENTRY ELEMENTS (KOHA)
Suppress in OPAC 0
Holdings
Withdrawn status Lost status Source of classification or shelving scheme Damaged status Not for loan Home library Current library Shelving location Date acquired Total Checkouts Full call number Barcode Date last seen Copy number Price effective from Koha item type
    Dewey Decimal Classification     Virtual Virtual Online 13/07/2015   ONLINE PUBLICATON 158752-2001 06/08/2019 1 06/08/2019 Book